02120nam a22002057a 450000500170000000800410001702000180005804000070007608200200008310000160010324500200011926000270013930000230016636500630018952015230025265000450177565000570182065000170187765000200189420250722123410.0250408b |||||||| |||| 00| 0 eng d a9781472294159 cAL 223a152.42 LEMD aAnna Lembke aDopamine Nation aLondonbHeadlinec2021 a290p.bPBc20x13cm 2HistoryaMAA4-6759289b454.00c₹d454.00e5%f19-03-2025 aINSTANT NEW YORK TIMES and LOS ANGELES TIMES BESTSELLER “Brilliant . . . riveting, scary, cogent, and cleverly argued.”—Beth Macy, author of Dopesick, as heard on Fresh Air This book is about pleasure. It’s also about pain. Most important, it’s about how to find the delicate balance between the two, and why now more than ever finding balance is essential. We’re living in a time of unprecedented access to high-reward, high-dopamine stimuli: drugs, food, news, gambling, shopping, gaming, texting, sexting, Facebooking, Instagramming, YouTubing, tweeting . . . The increased numbers, variety, and potency is staggering. The smartphone is the modern-day hypodermic needle, delivering digital dopamine 24/7 for a wired generation. As such we’ve all become vulnerable to compulsive overconsumption. In Dopamine Nation, Dr. Anna Lembke, psychiatrist and author, explores the exciting new scientific discoveries that explain why the relentless pursuit of pleasure leads to pain . . . and what to do about it. Condensing complex neuroscience into easy-to-understand metaphors, Lembke illustrates how finding contentment and connectedness means keeping dopamine in check. The lived experiences of her patients are the gripping fabric of her narrative. Their riveting stories of suffering and redemption give us all hope for managing our consumption and transforming our lives. In essence, Dopamine Nation shows that the secret to finding balance is combining the science of desire with the wisdom of recovery. aFinding Balance in the Age of Indulgence aPsychology/ Self Help / Mental Health / Neuroscience aSelf Binding aPursuit of Pain